| 000 | 01157nam a2200289 c 4500 | ||
|---|---|---|---|
| 999 |
_c343503 _d343503 |
||
| 003 | BLK | ||
| 005 | 20191002160638.0 | ||
| 008 | 180911b bul|||||r ||||||| ||bul|| | ||
| 010 | _a003164 | ||
| 040 | _aBLK | ||
| 041 |
_aDEU _cBUL |
||
| 080 | _z875.09 | ||
| 100 | 1 |
_aFINSLER, Georg _eпърви автор _9398258 |
|
| 245 | 0 | 0 | _aHomer |
| 246 | _aAus dem Erlauterungswerk "Aus deutschen Lesebuchern" | ||
| 260 |
_aLeipzig et al. _bB. G. Teubner _c1908 |
||
| 300 |
_aXVIII, 618 с _c22 см |
||
| 380 | _a82 | ||
| 490 |
_aЧастна колекция - Академик Михаил Арнаудов _gДарение - Основен фонд |
||
| 500 | _aМихаил Арнаудов: негови-книга-лист. - Михаил Арнаудов: подпис. - Датиране на книгата : 30 септ. 1908 г. ; Библиографско описание на книга по темата. ; Отбелязва място в книгата : с. 235. | ||
| 655 |
_aЛитературознание _9396446 |
||
| 700 | 1 |
_aGeorg Finsler _9398259 |
|
| 852 | _aМА 1525 | ||
| 942 |
_cKNG _n0 _s1 |
||
| 944 |
_aCR _c1996 _kValK |
||
| 999 | _d343503 | ||